| 000 | 00904nam a2200229Ia 4500 | ||
|---|---|---|---|
| 001 | 17157 | ||
| 003 | GE_BSU | ||
| 008 | 181216s||||||||xx |||||||||||||| ||und|| | ||
| 040 | _cGE_BSU | ||
| 080 | _a821.161.1-31 | ||
| 100 | _aსემიონოვი, იულიან | ||
| 245 | _aბრილიანტები პროლეტარიატის დიქტატურისათვის | ||
| 245 | _bრომანი | ||
| 245 | _cთარგმანი ბ. ასათიანისა. რედ. მ.კაკაბაძე | ||
| 260 | _aთბილისი | ||
| 260 | _bსაქ. კპ. ცკ-ის გამ-ბა | ||
| 260 | _c1974 | ||
| 300 | _a333გვ. ; 20სმ. | ||
| 653 | _aბრილიანტები პროლეტარიატის დიქტატურისათვის | ||
| 653 | _aრომანი | ||
| 942 | _cBK | ||
| 999 |
_c50219 _d50219 |
||